Espejos y espejismos : magia y tecnología en dos novelas latinoamericanas /
Na minha lista:
| Autor principal: | |
|---|---|
| Formato: | Desconhecido |
| Idioma: | Spanish |
| Assuntos: | |
| Tags: |
Adicionar Tag
Sem tags, seja o primeiro a adicionar uma tag!
|
MARC
| LEADER | 000000000a22000000004500 | ||
|---|---|---|---|
| 001 | 006808 | ||
| 008 | 230720b |||||||| |||| 00| 0 spa d | ||
| 041 | 0 | |a spa | |
| 082 | 0 | 4 | |a 306.1 |b I19i Identidad Cultural |
| 100 | 1 | |a Robinett, Jane | |
| 245 | 1 | 0 | |a Espejos y espejismos : |b magia y tecnología en dos novelas latinoamericanas / |c Jane Robinett. |
| 300 | |a 10 páginas | ||
| 650 | 4 | |a CIEN AÑOS DE SOLEDAD | |
| 650 | 4 | |a ANALISIS LITERARIO | |
| 650 | 4 | |a LA CASA DE LOS ESPIRITUS | |
| 773 | 0 | |x 9977673020 |d San José, Costa Rica : Editorial de la Universidad de Costa Rica |t Identidades y Producciones Culturales en América Latina |g (1996), páginas 465-475 | |
| 942 | |c AM |2 ddc | ||
| 999 | |c 15581 |d 15581 | ||
